000 00303nam a22001217a 4500
008 260423b |||||||| |||| 00| 0 eng d
082 _a001292
100 _aKumar, Pushpendra
245 _aSamarangana Sutradhara
260 _aDelhi
_bNew Bharatiya Book Corporation
_c2021
300 _a896p
942 _2ddc
999 _c1284
_d1284